LIBRARY & INFORMATION CENTRE, KCAET, TAVANUR

ONLINE PUBLIC ACCESS CATALOGUE (OPAC)

Indiayude Aadhyathe Swathantria Samaram / (Record no. 1162)

MARC details
000 -LEADER
fixed length control field 00436cam a2200181ua 4500
041 ## - LANGUAGE CODE
Language code of text/sound track or separate title mal
082 ## - DEWEY DECIMAL CLASSIFICATION NUMBER
Classification number 954
Item number MAR/IN
100 ## - MAIN ENTRY--AUTHOR NAME
Personal name Marx, .
245 ## - TITLE STATEMENT
Title Indiayude Aadhyathe Swathantria Samaram /
260 ## - PUBLICATION, DISTRIBUTION, ETC. (IMPRINT)
Place of publication Ernakulam :
Name of publisher C.I.C.C Book house ,
Year of publication 1964.
300 ## - PHYSICAL DESCRIPTION
Number of Pages 364 ; .
700 1# - ADDED ENTRY--PERSONAL NAME
Personal name Engels, .
942 ## - ADDED ENTRY ELEMENTS (KOHA)
Koha item type Books
Holdings
Withdrawn status Lost status Damaged status Home library Current library Date acquired Full call number Accession Number Koha item type Public note
Withdrawn     KAUAET Malayalam University 07/04/2012 954 8918 Books Transferred to Malayalam University
free website counter